000 00859cam a2200265 4500
001 WB3542-08
008 000000n1999 000 0 eng u
035 _a(Sirsi) u101021
245 _aFocus: shopping centres
260 _c1999
490 _aTimes
_v 26 October 1999, 30-31(2) (LOAN)
520 _aA survey on shopping centres, looking at issues such as town centre and out of town shopping, factory shops, and entertainment facilities, such as cinemas, in shopping centres.
590 _aWB
650 _aSHOPPING CENTRES
650 _aRETAIL PROPERTY
650 _aTOWN CENTRE DEVELOPMENT
650 _aOUT OF TOWN DEVELOPMENT
650 _aCINEMAS
650 _aENTERTAINMENT
650 _aMANCHESTER
650 _aFACTORY SHOPS
650 _aPLANNING ISSUES
690 _aPROPERTY-COMMERCIAL PROPERTY-RETAIL PROPERTY
942 _n0
999 _c60282
_d60282